01020nam a22001577a 4500003001000000005001700010008004100027040001400068041001200082100002000094245016000114260004600274300001200320500008500332520044500417IT-MiCISF20221111154151.0221111b |||||||| |||| 00| 0 eng d cIT-MiCISF ainglese aPaglia Vincenzo aAccompanying Life. New responsibilities in the technological erabProceedings of the XXIII General Assembly of the Members, Vatican City, october 3-5 2017 aRoma,bPontifical Academy for Life,c2017 app. 189 aprocreazione, genitorialità€, procreazione-artificiale, etica, società€, morte aThe developments of life sciences not only add much indeed to knowledge about living organisms, including man, but also make it possible to enter and act upon them in an ever increasingly extensive and incisive manner. In many bilological precesses that followed their own dynamics in the past, action on the part of man is now able to bring about substatial changes. New, therefore, are the areas opening their doors to our responsibility.